Born in Pittsburgh/Pennsylvania - Statistics

General Stats
  • This quiz has been taken 46 times
    23 since last reset
  • The average score is 11 of 43
Answer Stats
Hint Answer % Correct
Creator of tomato ketchup and founder of a famous food company 1844 Henry J. Heinz
93%
Hall of Fame quarterback who played for the Buffalo Bills 1960 Jim Kelly
86%
Actor, director, dancer and singer, "Singin' in the Rain" "An American in Paris" 1912 Gene Kelly
79%
Hall of Fame quarterback who played for the Miami Dolphins and who is considered one of the greatest quarterbacks in NFL history depite never winning the Super Bowl 1961 Dan Marino
71%
Artist and leading figure of the pop art movement, "Campbell's Soup Cans" "Marilyn Diptych" 1928 Andy Warhol
64%
Billionaire, one of the main investors on "Shark Tank" and owner of the Dallas Mavericks 1958 Mark Cuban
64%
Hall of Fame quarterback who played primarily for the Baltimore Colts 1933 Johnny Unitas
50%
Hall of Fame owner and son of the Steelers's founder and Ambassador to Ireland from 2009 to 2012 1932 Dan Rooney
43%
Actor, "Amadeus" "Scarface" "The Grand Budapest Hotel" 1939 F. Murray Abraham
43%
Former head coach of the Green Bay Packers and Dallas Cowboys 1963 Mike McCarthy
43%
Former defensive tackle who plays for the Los Angeles Rams and three time NFL Defensive Player of the Year 1991 Aaron Donald
36%
Playwright, who has been referred to as "theater's poet of Black America", "Fences" "Ma Rainey's Black Bottom" "The Piano Lesson" 1945 August Wilson
36%
Hall of Fame running back who played for the New York Jets and New England Patriots 1973 Curtis Martin
36%
Former quarterback who played for mostly the Atlanta Falcons and Houston Texans 1981 Matt Schaub
36%
Actor, known for his role as Spock in the "Star Trek" reboots films 1977 Zachary Quinto
36%
Dance instructor known for appearing on "Dance Moms", she was sentenced to prison for bankruptcy fraud 1965 Abby Lee Miller
29%
Senator from Kentucky since 2011 1963 Rand Paul
29%
Director, "Training Day" "The Equalizer" "Olympus Has Fallen" 1965 Antoine Fuqua
21%
Billionaire hedge fund manager and owner of the Carolina Panthers 1957 David Tepper
21%
Rapper, who died from an accidental drug overdose at the age of 26, "Self Care" "My Favorite Part" "Best Day Ever" 1992 Mac Miller
21%
Director, "Iron Man 3" "The Nice Guys" "The Predator" 1961 Shane Black
21%
Defensive tackle who plays for the Pittsburgh Steelers 1989 Cameron Heyward
14%
Outfielder who plays for the Chicago Cubs and received a Gold Glove Award in 2022 1994 Ian Happ
14%
GM of the Pittsburgh Steelers since 2000 1957 Kevin Colbert
14%
Running back who plays for the Carolina Panthers 1997 Miles Sanders
14%
Actor, "Nashville" "Outer Banks" "Whose Line Is It Anyway?" 1965 Charles Esten
7%
Hall of Fame basketball player and first African-American to be drafted by an NBA team 1926 Chuck Cooper
7%
Nobel Prize winning physicist, known for neutron scattering 1915 Clifford Shull
7%
Football head coach of the Indiana Hoosiers since 2023 1961 Curt Cignetti
7%
Singer, "Hide Away" "Don't Let Me Down" 1998 Daya
7%
Actress best known for her role as Britta Perry in "Community" 1982 Gillian Jacobs
7%
Co-founder of Costco 1936 James Sinegal
7%
Actor, "True Blood" "Magic Mike" "Justice League" 1976 Joe Manganiello
7%
Actress, known for her roles as Darla in "Buffy the Vampire Slayer" and Rita Bennett in "Dexter" 1972 Julie Benz
7%
Actor, "Boardwalk Empire" "The Irishman" "The Eyes of Tammy Faye" 1978 Louis Cancelmi
7%
Dancer and actress, "Dance Moms" "Music" "West Side Story" 2002 Maddie Ziegler
7%
Soccer player who plays for the Portland Thorns and U.S. women's national soccer team 1988 Meghan Klingenberg
7%
Actor, known for his roles as Michael Gallant in "ER" and Clinton Jones in "White Collar" 1975 Sharif Atkins
7%
Chemist known for inventing Kevlar 1923 Stephanie Kwolek
7%
Author of "The Perks of Being a Wallflower" and director of the film with the same name, "Wonder" and "Dear Evan Hansen" 1970 Stephen Chbosky
7%
Secreatry of Agriculture from 2009 to 2017 and again since 2021 and Governor of Iowa from 1999 to 2007 1950 Tom Vilsack
7%
Astrophysicist who won the Nobel Prize in 1983 1911 William Alfred Fowler
7%
Actress and human rights activist, known for her role as Tangina Barrons in the "Poltergeist" films 1933 Zelda Rubinstein
7%
No matching quizzes found
Score Distribution
Percent of People with Each Score
Percentile by Number Answered
Your Score History
You have not taken this quiz since the last reset